[Event "EU-Cup 32nd"]
[Site "Novi Sad"]
[Date "2016.11.08"]
[Round "3.2"]
[White "Wojtaszek, Radoslaw"]
[Black "Oparin, Grigoriy"]
[Result "1-0"]
[WhiteElo "2744"]
[BlackElo "2621"]
[Annotator "Sadorra,J"]
[PlyCount "159"]
[EventDate "2016.11.06"]
[EventType "team-swiss"]
[EventRounds "7"]
[EventCountry "SRB"]
[SourceTitle "CBM 176"]
[Source "ChessBase"]
[SourceDate "2017.01.17"]
[SourceVersion "1"]
[SourceVersionDate "2017.01.17"]
[SourceQuality "1"]
[WhiteTeam "Novy Bor"]
[BlackTeam "Zhiguli"]
[WhiteTeamCountry "CZE"]
[BlackTeamCountry "RUS"]

1. d4 Nf6 2. c4 e6 3. g3 d5 4. Bg2 Be7 5. Nf3 O-O 6. O-O dxc4 7. Qc2 b6 $5 {
This line is still young and came to popularity after the late Ivan Bukavshin
effectively used it in the 2015 Russian Championships.} 8. Bg5 ({Other ways
the game could develop from here are:} 8. Ne5 Nd5 9. Qxc4 (9. Nxc4 Bb7 10. a3
Nc6) 9... Ba6 10. Qc2 Bf6 {and}) ({and} 8. Qxc4 Bb7 9. Nc3 Nbd7 10. Bg5 Rc8 {
with enough counterplay for Black in both lines.}) 8... Nd5 9. Bxe7 Qxe7 10.
Qxc4 (10. Nbd2 b5 $1 (10... c5 $5 $146 11. dxc5 (11. Nxc4 {[%cal Ge2e4]} Ba6
12. Rac1 (12. a3 cxd4 13. Nxd4 $2 Rc8) (12. e4 Nb4 13. Qb3 (13. Qc3 $6 cxd4 14.
Nxd4 Rc8 $36) 13... cxd4 14. Nxd4 (14. Rfd1 Rd8 (14... N4c6 15. e5) 15. Nxd4
N8c6 16. Nxc6 Nxc6 17. Qa4 Bxc4 18. Qxc4 Ne5 $11) 14... Qc5 $36) 12... Rc8 13.
Qd2 Nc6 14. dxc5 bxc5 {White has a more pleasant position but Black should be
able to hold it with accurate play.} 15. Rfd1 Rd8 $1 (15... Rab8 16. b3 f6 17.
Qc2) 16. Qe1 Rac8 {with a defensible position.}) 11... Ba6 12. cxb6 axb6 $11) {
In a recent game, White played} 11. Ne4 (11. a4 {a typical response} c6 12.
axb5 cxb5 13. b3 Nb4 14. Qb2 cxb3 15. Ne5 (15. Nxb3 Bb7 16. Na5 Bd5 17. Rfb1
N8a6 $11) 15... Bb7) (11. b3 $5 {another typical undermining move, after which
the critical test is} c3 (11... cxb3 12. Nxb3 $44 {with normal Catalan
compensation on the q-side.}) 12. e4 (12. Ne4 b4 13. a3 f5 $1 14. Nc5 Nc6 15.
axb4 Rb8 $1 (15... Ncxb4 16. Qc1 Bd7 17. Ne5 Bb5 18. Re1 $36 {[%cal Ge2e4]})
16. e4 fxe4 17. Qxe4 Rxb4 18. Ng5 Qxg5 19. Nxe6 Qf5 $1 20. Qxd5 Qxd5 21. Bxd5
Bxe6 22. Bxe6+ Kh8 $15) 12... cxd2 13. exd5 exd5 14. Qxd2 (14. Nxd2 c6) 14...
a5 $5 (14... Qd6 15. Ne5 Bb7 16. Rfc1 a5 $5 {[%cal Ga8a7,Gc7c6,Ga7c7]} (16...
Nd7 $6 17. Qc3 $1 c6 (17... Rfc8) 18. Nxc6 Rac8 19. Bxd5 Rfe8 20. Qf3 Nf6 21.
Ne7+ Rxe7 22. Bxb7 Rb8 23. Bc6 Qxd4 24. Rd1 $14) 17. Qc3 (17. a4 b4 18. Nd3 Nd7
$11) 17... c6 $11) 15. Ne5 c6 (15... Be6 16. a4 b4 17. Rac1 {White has strong
compensation here.}) 16. a4 bxa4 $1 (16... b4 17. Rac1 Qd6 18. Qc2 Bb7 19. Rfe1
$14) 17. Rxa4 Qb7 $132) 11... Nc6 12. b3 {after which Black had no problems
and even took over the initiative after} f5 $1 13. Nc3 Rb8 14. bxc4 bxc4 15.
Rfc1 {and here the best move is the simple} Ba6 $5 (15... Bd7 16. Nd1 $44 {
1/2-1/2 (26) Fantinel,T (2429)-Borgo,G (2365) Bratto 2016}) (15... Rd8 $5 16.
Na4 Bd7 17. Qd1 $13) 16. Na4 $1 (16. Qa4 Nxc3 17. Rxc3 Bb5) (16. a3 $2 Rb3) (
16. e3 Ncb4 17. Qa4 Nxc3 18. Rxc3 c5 $36) (16. Nd1 $2 Qd6 17. a3 (17. e3 Ndb4)
17... Na5 $17) 16... Rfe8 17. Nb2 (17. Nc5 $2 Nxd4 $17) 17... Nb6 $15 {[%cal
Ge6e5]}) 10... Bb7 11. Nc3 c5 $146 {A logical improvement over what was tried
before.} ({The only move tried before this game was played is:} 11... Na6 12.
Ne5 Rad8 13. Nc6 (13. Rac1 $5 $14) 13... Bxc6 14. Qxc6 Nab4 15. Nxd5 exd5 16.
Qa4 $14 {½-½ (41) Carlsen,M (2127)-Arngrimsson,D (2094) Lysaker 2002}) 12.
dxc5 Rc8 $5 {An interesting choice. Black gives up a pawn for activity and
simplification of the position, a common defensive technique to achieve
equality.} (12... bxc5 13. Ne5 Nb6) 13. c6 Nxc6 14. Nxd5 exd5 15. Qxd5 Na5 (
15... Nb4 $5 16. Qb3 Bd5 17. Qa4 Bc6 18. Qa3 a5) 16. Qh5 Rc5 {playing for more
activity} ({The other natural move may be better} 16... Rc2 $1 {and I don't
think there's a reason why it shouldn't be played.} 17. Nd4 (17. b4 Nc4 18. Ng5
(18. Nd4 Bxg2 19. Nxc2 (19. Kxg2 Qe4+ 20. Qf3 Qxf3+ 21. exf3 Rd2) 19... Bxf1
20. Rxf1 Qe4 $1 (20... Nd2 21. Rd1 Rd8 22. Ne3) (20... Rd8 21. Rc1 Qe4 22. Qg5
$1 Rd5 (22... f6 23. Qf4 $1) (22... Rd2 23. Ne3) 23. Qf4 $1) 21. Rc1 g6 22. Qf3
(22. Qg5 Qxe2 $2 (22... Rf8 $1 23. e3 (23. Qf4 Qxe2 24. Nd4 Qd3 $11) 23... Nd2)
23. Qd5 Rc8 24. Ne3 $18) 22... Qxf3 23. exf3 Rd8 $11) 18... h6 19. Bxb7 Qxb7
20. Rac1 $1 Na3 $1 21. Rxc2 (21. Nf3 Qe4 22. Ne5 Rf8 $11) 21... Nxc2 22. Nf3
Qe4 $11) 17... Rxb2 18. Bxb7 Nxb7 19. Nf5 Qf6 {and White has nothing.}) 17. Qh3
$1 (17. Qh4 $5 Qxh4 18. gxh4 {the point of course} (18. Nxh4 Rc2 $11) 18... Rc2
19. b4 Nc6 (19... Nc4 20. Rfc1) 20. b5 Na5 21. Nd4 Rc5 22. Rac1 $14) 17... g6 (
{Now} 17... Rc2 {isn't as good anymore:} 18. b4 Nc4 $4 (18... Nc6 19. b5 Na5
20. Nd4 Rc5 21. Bxb7 Qxb7 22. Rac1 $14) 19. Nd4 Rd2 (19... Bxg2 20. Qxg2) 20.
Nf5 Qd7 21. Bxb7 Qxb7 22. Qg4 $18) 18. b4 Rh5 19. Qg4 Nc6 20. Rab1 Ne5 $1 {
This time going for major simplifications in the hopes of reaching a drawish R
or Q ending later.} 21. Nxe5 Rxe5 22. Bxb7 Qxb7 23. e3 a5 {Trying to trade all
the queenside pawns.} 24. Rfd1 (24. b5 Qd5 25. Qe2 Rc8 26. a4 (26. Rb2 Qe4)
26... Qe4 {Black's piece activity fully compensates for the lost pawn.}) (24.
a3 axb4 25. axb4 h5 (25... Qe4 26. Qxe4 Rxe4) 26. Qh4 (26. Qd4 Re4) (26. Qf4
Qe4) 26... Qf3 $44) 24... h5 25. Qe2 ({Maybe a better way to create problems is
} 25. Rd7 $5 Qc6 26. Qd4) 25... axb4 26. Rxb4 Rea5 27. Rd2 Qc6 28. Rc4 Qe6 $1
29. Kg2 b5 (29... Ra3 $5 30. Rb2 b5 31. Rd4 Rxa2 {leads to a similar type of
game.}) 30. Rcc2 b4 31. Rb2 Ra3 32. Rxb4 {The only way for White to make
progress.} Rxa2 33. Rxa2 Rxa2 34. Qf3 Kg7 $14 {This is objectively better for
White on paper, but if Black is careful it's already a practically a drawn
game.} 35. Rf4 Ra5 36. Rd4 Rc5 37. e4 Qf6 38. Qe3 Rc2 39. Rd2 Rc3 40. Rd3 Rc4
41. Rd5 Rc3 42. Qe2 h4 43. Rd3 Qa6 ({Another forcing way to steer the game to
a dead drawn position is:} 43... h3+ $1 44. Kxh3 (44. Kf1 Rc1+ 45. Rd1 Rc3 $1
$11 46. f4 $2 (46. Kg1 Qc6) 46... Qb6 $40) (44. Kg1 $4 Qa6) 44... Rxd3 45. Qxd3
Qxf2 $11 46. Qd5 Qe2 (46... Qf1+)) (43... Rxd3 44. Qxd3 h3+ 45. Kf1 $5) 44. Re3
Qxe2 45. Rxe2 hxg3 46. hxg3 Kf6 {White plays on only for practical purposes
but Black shouldn't have trouble drawing. Oparin probably hesitated too many
times, got in time trouble or became nervous and later cracked in a simpler R
ending position.} 47. Ra2 Ke5 48. Ra4 Rc2 49. Kf3 Rb2 ({The simplest way is to
trade more pawns!} 49... f5 $1 50. Ra5+ (50. exf5 gxf5 51. Ke3 Rc3+) 50... Kf6
51. Ra6+ (51. e5+ Ke6 52. Ke3 g5 53. f4 Rc3+ $11) 51... Ke5 52. Rxg6 Rc3+ $1
53. Kg2 fxe4 $11) 50. Ra5+ Ke6 51. Ke3 Kf6 52. f3 Rb3+ 53. Kf4 Kg7 54. e5 Rb4+
55. Kg5 Rb3 56. Kg4 Rb7 57. Ra6 Re7 58. f4 Re8 59. Kg5 Re7 60. Rf6 Re8 61. Rb6
Re7 62. Ra6 Re8 63. g4 (63. Ra7 Re6 64. g4 Re8 65. Rb7 Re6 {I don't see a
clear way for White to make progress.}) 63... Re7 64. Kh4 Rb7 65. Ra5 Kh6 66.
Ra6 Kg7 67. Rc6 Ra7 68. Kg5 Re7 69. Rc5 Re6 70. Kh4 Ra6 71. Rc7 Rb6 72. Kg5 Re6
73. Kh4 Rb6 74. f5 {Transforming into a simple R ending situation.} gxf5 75.
gxf5 Rb5 76. Re7 Kf8 $2 {Black can probably hold this but the situation
becomes difficult due to his unsafe king position.} (76... Kh6 $1 77. Kg4 (77.
e6 Rxf5 78. exf7 Kg7) 77... f6 $1 78. e6 (78. exf6 Rb4+ 79. Kf3 Kg5 80. f7 Rf4+
81. Ke3 (81. Kg3 Rg4+ (81... Rxf5 $4 82. Re5) 82. Kh3 Rh4+) 81... Rxf5 $11)
78... Rb4+ 79. Kf3 Kg5) 77. f6 Rb1 78. Ra7 Kg8 $4 {Missing a simple tactical
trick.} (78... Ke8 79. Kg5 Rg1+ 80. Kf5 Rf1+ 81. Ke4 Re1+ 82. Kd5 (82. Kd4 Rd1+
83. Kc3 Rc1+ 84. Kd2 Rc5 85. Ra8+ Kd7 86. Rf8 Ke6 87. Re8+ Kf5 $11) 82... Rd1+
83. Kc6 Rc1+ 84. Kb5 (84. Kb7 Kd7) 84... Rb1+ {I don't see a winning plan for
White yet.}) 79. Ra8+ Kh7 80. e6 1-0

[Event "Aviator op 2nd"]
[Site "Dayton"]
[Date "2016.07.17"]
[Round "4"]
[White "Sadorra, Julio Catalino"]
[Black "Azarov, Sergei Nikolaevich"]
[Result "1/2-1/2"]
[WhiteElo "2596"]
[BlackElo "2535"]
[Annotator "Sadorra,J"]
[PlyCount "74"]
[EventDate "2016.07.15"]
[EventType "swiss"]
[EventRounds "5"]
[EventCountry "USA"]
[SourceTitle "CBM 174"]
[Source "ChessBase"]
[SourceDate "2016.09.13"]
[SourceVersion "1"]
[SourceVersionDate "2016.09.13"]
[SourceQuality "1"]

1. d4 d5 2. c4 e6 {I was a little surprised by this as I prepared more against
QGA, my opponent's main Black weapon.} 3. Nf3 Nf6 4. Nc3 Be7 5. g3 {Lately,
I've been fond of using this delayed Catalan and it has brought me good
practical results as I can usually play for a small edge with little risk.} O-O
6. Bg2 dxc4 $5 ({Another common move here is the more quiet} 6... c6 {see my
annotated game vs. Sukandar.}) 7. O-O ({I though of using the popular line} 7.
Ne5 {but I couldn't remember all my prep there and decided to save it for
future games.} Nc6 (7... c5 8. dxc5 Qxd1+ 9. Nxd1 Bxc5 10. Nxc4 Nc6 11. Be3 {
and White can go "plus-equals mode." 1-0 (46) Wang Hao (2734)-Fressinet,L 
(2687) Almaty KAZ 2016}) (7... Qd6 $5 {has also been tested at the top-level}
8. Nxc4 Qa6 9. Qb3 Nc6 {with mutual chances, 0-1 (45) Svidler,P (2727)-Kramnik,
V (2777) Skopje MKD 2015. See Roiz's annotations from CBM 169.}) 8. Bxc6 bxc6
9. Nxc6 Qe8 10. Nxe7+ Qxe7 11. Qa4 {is the mainline, and it's still popular
even at the top-level.}) 7... Nc6 {This essentially leads to an Open Catalan 5.
..Nc6 Variation only with an early Nc3 for White. It generally gives rise to
complex positions.} 8. e4 a6 9. Qe2 b5 ({In my general preps, I recall that
White gets compensation if Black takes the pawn, but not more.} 9... Nxd4 10.
Nxd4 Qxd4 11. Rd1 Qc5 12. Be3 Qa5 $44) 10. Rd1 Bb7 (10... Nb4 11. Ne1 Bb7 12.
Bf4 $44) 11. Bg5 $6 {With the idea of preparing d4-d5.} ({Of course I also
considered} 11. d5 {but then I recalled the idea of sacing a piece for a
strong central phalanx from Black when I was studying Avrukh's Catalan manual
a long time ago.} exd5 12. e5 d4 $5 13. exf6 (13. Nxd4 $5 {I forgot to check
this in my analysis during the game} Nxd4 14. Rxd4 Qxd4 15. exf6 Bxf6 (15...
Bxg2 16. fxe7 Rfe8 17. Kxg2 Qc5 18. Qf3 Qxe7 19. Bf4 $14) 16. Bxb7 Rad8 17. Be3
$14) 13... Bxf6 14. Ne4 Re8 $44 {and I thought that Black's position is easier
to play. But upon closer look, with the help of the best analyst in the world,
White can create play on the kingside!} 15. Re1 Be7 16. Nfg5 $1 h6 (16... g6
17. Qf3 Rf8 18. Qf4 $40) (16... Ne5 17. Qh5 h6 18. Ne6 $1 fxe6 19. Qxe5 Qd7 20.
Qh5 $1 $40) 17. Nxf7 $3 Kxf7 18. Qh5+ Kg8 19. Bxh6 {with a winning attack.})
11... Qe8 $1 {This strong move was played after a long think by Sergei.} (11...
h6 12. Bxf6 $1 ({My original intention was} 12. d5 exd5 (12... hxg5 13. dxc6)
13. Nxd5 {but after checking it, I saw a nice resource from Black:} (13. e5
hxg5 14. exf6 Bxf6 15. Nxd5 Re8 {White has nothing}) (13. exd5 Nb4 $17) 13...
hxg5 $3 ({but also possible is} 13... Nxd5 14. exd5 Nd4 $1 {a strong
intermediate move that I missed} 15. Nxd4 Bxg5 $17) 14. Nxf6+ Bxf6 15. Rxd8
Raxd8 $17 {and Black has very strong compensation for the queen.}) 12... Bxf6
13. e5 Be7 14. d5 exd5 15. Nxd5 $44) 12. e5 $2 {This move/decision gave me
problems for the rest of the game.} (12. Ne1 $142 $5 {aiming for a better
square on e3 or d4 (after d5) while keeping my center mobile} Nd7 13. Be3 {
keeping pieces and more tension on the board} (13. Bf4 Rc8 (13... e5 14. dxe5
Ncxe5 15. Nd5 Bd6 16. Be3 $132 {with the idea of f2-f4}) 14. Rac1 $15 (14. Nc2)
) 13... Rd8 14. Rac1 Nb6 15. d5 Na5 (15... exd5 16. Nxd5 Nxd5 17. exd5 Na5 18.
Bd2 $13) 16. dxe6 fxe6 17. Rxd8 Bxd8 18. f4 $132) 12... Nd7 $1 (12... Nd5 13.
Ne4 $44 {[%csl Rc5,Re7,Rf6][%cal Ge4c5,Ge4g5,Gf3g5,Gg5e7]}) 13. Qe4 (13. d5 Nb4
14. Bxe7 Qxe7 {and I didn't achieve anything from the central break.} 15. d6 $2
{only creates more weaknesses.} cxd6 16. exd6 Qf6) (13. Ne4 h6 $1 {eliminating
all sorts of tricks around his king.} (13... Nb6 $6 14. Nf6+ $1 $132) 14. Bxe7
Nxe7 $1 $17 {and I cannot do anything to stop him from improving his pieces
and playing c7-c5!}) 13... Nd8 14. Qf4 ({My other option is} 14. Qh4 {but I
didn't think I would gain anything after the normal} f6 15. exf6 Nxf6 16. Re1 (
16. Ne5 Bxg2 17. Kxg2 Nf7) 16... h6 $17) 14... f6 $1 ({If} 14... h6 {during
his thinking time, I was toying with the idea of} 15. Bxh6 $5 (15. Bxe7 Qxe7
16. a4 $5 b4 $1 (16... c6 17. Ne4)) 15... gxh6 16. Qxh6 ({I also noticed
another idea but I didn't know how strong it was:} 16. d5 $3 {is the best way
to continue as pointed out by the best analyst} Kh7 (16... exd5 $2 17. Qxh6 Ne6
18. Nxd5 Bxd5 19. Rxd5 $40) (16... f6 $2 17. d6) 17. Qe4+ Kh8 (17... Kg7 18.
Qg4+) 18. Qf4 $11) 16... f6 (16... f5 17. d5 $1) 17. Nh4 (17. d5 Nxe5 18. Nxe5
fxe5 19. dxe6) 17... Bxg2 18. Kxg2 {and I could create unpleasant threats
around his king. But there's probably a defense somewhere.} Rf7 19. Qg6+ Kh8
20. Qh5+ $11) (14... Nb6 15. Bf6 $1) (14... Bxg5 15. Nxg5 Bxg2 16. Kxg2 Rc8 (
16... h6 $4 17. Qe4) (16... Rb8) 17. Nce4 $132 {and at least I can pieces are
coordinated to create some pressure on the kingside.}) 15. exf6 Nxf6 16. Qxc7 {
I may have gotten back the pawn, but pieces start to lose coordination. Alas,
I didn't have much choice, either go into this or play a pawn down the rest of
the game.} Rc8 17. Qa5 Ng4 $1 18. Bxe7 Qxe7 19. d5 {This was forced otherwise
Black breaks through on the f-file.} exd5 $2 {This is where Black started to
get technical problems. During the game, I saw various possibilities for him 
(and I'm sure he did too!) and I felt that he should have something more
decisive due to my wayward queen and my weak kingside.} ({The most convincing
is:} 19... Nxf2 $1 20. Kxf2 Qc5+ 21. Kf1 (21. Ke2 exd5 22. Nd4 Ne6 $1 $19 (
22... Nc6 23. Bxd5+ Kh8)) (21. Ke1 exd5 $1 $40) 21... Qe3 22. Ne2 Rxf3+ 23.
Bxf3 Qxf3+ 24. Ke1 exd5 (24... Bxd5) 25. Qc3 Qf7 {and Black has more than
enough for the exchange, if not a winning advantage.}) 20. Nxd5 (20. Qb6 $5 {
was more stubborn} Qc5 21. Qxc5 Rxc5 22. a3 $1 Ne6 23. Nd4 Nxd4 24. Rxd4 Nf6
25. Rad1 {but it's difficult to find this concept otb.}) 20... Qc5 21. Qd2 Nxf2
$4 {Forcing things at the wrong time. This could be attributed to an oversight
in analysis which gave me a chance to come back in the game.} ({After the
simple and strong} 21... Ne6 {White cannot do anything to defend} 22. b4 (22.
h3 Bxd5 $1 $19) 22... cxb3 23. axb3 Bxd5 24. Qxd5 Qxf2+ $19) 22. Qxf2 Bxd5 23.
Qxc5 Rxc5 24. Ne5 $1 {This tactical idea is most probably what he missed.} Bxg2
25. Nd7 Bf3 26. Nxc5 Bxd1 27. Rxd1 Nc6 28. Rd6 ({I also considered} 28. Nxa6
Ra8 29. Nc7 Rxa2 30. Nxb5 Rxb2 {I didn't like this situation as Black can
press for as long as he wants} 31. Rd5 Na7 $1 32. Nc3 (32. Nxa7 c3 $19) 32...
Rc2 33. Nd1 Nc6 $17) 28... Rc8 29. Nxa6 {After a long think, I decided this
was the best practical chance to equalize.} (29. Kf1 a5 30. Ke2 (30. Ke1 b4 (
30... Nb4) 31. Kd2 Ne5) 30... b4 (30... Nd4+ 31. Rxd4 Rxc5 32. Kd2 Kf7 33. Rd7+
{with drawing chances}) 31. Kd2 Ne5 $17) 29... b4 30. Nc5 (30. Kf2 $2 c3 31.
bxc3 bxc3 32. Ke2 c2 33. Kd2 Nb4 $19) 30... Ne5 $1 {Continuing to keep the
tension and giving me problems. Unfortunately, he had less time on the clock
so I wasn't the only one under pressure!} (30... c3 31. bxc3 bxc3 32. Nd3 c2
33. Nc1 {sticking the knight here followed by Rd2 and bringing the king to d3
convinced me that this line starting with Nxa6 should lead to a draw.}) 31. Rd5
Ng4 32. Ne4 Ne3 33. Rc5 {Trading Rs is the easiest way to kill his intitiave.}
Rd8 (33... Rf8 34. Nd2 $1 {the only way to hold.} (34. Nf2 $2 h6 $1 (34... Ra8
35. Re5 Nc2) 35. h4 (35. Re5 Rxf2 $1 $18) 35... Rf3 $17 (35... Ra8 $17)) 34...
Rd8 35. Nxc4 Nxc4 36. Rxc4 Rd1+ 37. Kg2 Rd2+ $11) 34. a4 $1 {For a few minutes,
I check my options and decided on this to distract his rook and give me time
to create threats myself.} (34. h4 h6 $1 {there's still danger for White} (
34... Rd1+ 35. Kf2) 35. a4 $2 Rd4 $17) 34... bxa3 (34... Rd4 35. Ng5 $1 {
the tricky knight keeps Black from making progress} Rd8 (35... g6 $4 36. Rc8+
Kg7 37. Ne6+ $19) 36. Nf3 $11) 35. bxa3 Ra8 36. Nd6 Rf8 37. h4 Rf1+ {Here a
draw was offered and was accepted due to:} (37... Rf1+ 38. Kh2 Rf2+ 39. Kg1
Rf1+ 40. Kh2 Rf2+ 41. Kh3 (41. Kg1 Rf1+ $11) 41... Rf1 (41... h5 $5 42. Rxh5 $4
(42. Nxc4 Rc2 43. Rc8+ Kh7 44. Nd6 Ra2) 42... c3 43. Rc5 Rf1 44. Kh2 c2) 42.
Rc8+ Rf8 $11 {I must admit that Black played a robust system against the
delayed Catalan, and handled the early part of the middlegame well.
Unfortunately, he failed to strike well at the critical moments which allowed
me to come back in the game, create problems and escape a much worse position.
This only goes to show that chess is a difficult game, and it takes a lot more
to win in today's chess!}) 1/2-1/2